00801nam a2200193 a 450000100100000000500170001000800410002704000250006808200110009310000400010424501050014426000770024930000210032659000260034750000730037370000350044695201090048199900170059000004902220201002061608.0190715s1998 dr 000 spa d aDO-SdBNPbspacBNPHU axxbxx1 aGarcía Fermín, Franklin /9642210aIntroducción al estudio del derecho privado /cFranklin García Fermín, Rosalía Sosa Pérez. aSanto Domingo, República Dominicana :bDominicanos de Impresos,c1998. a144 p. ;c23 cm. aInventariado, 2019/VM aIncluye referencias bibliográficas y notas al pie de las páginas1 aSosa Pérez, Rosalía965003 0010718PDaPDbPDcHDd2019-07-15iLF1l0oxx xxp49023-10r2020-06-25w2020-06-25yLFPDZNo se presta c48510d48510